000 00577nam a2200181Ia 4500
008 240729s9999 xx 000 0 und d
022 _a1843-536X
245 0 _aBulletin of University of Agricultural Sciences and Veterinary Medicine Cluj-Napoca. Animal Science and Biotechnologies
260 _aRomania
260 _bAcademicPres
650 _a Animal culture | Technology
650 _a Biotechnology
650 _a Chemical technology
650 _aAgriculture
856 _uhttps://doaj.org/toc/4ef28ff1d7b34c98b4329db4029ed792
942 _2ddc
942 _cDOAJEJ
999 _c70144
_d70144
945 _a1
_bMadushi Gamage
_c1
_dMadushi Gamage